[Event "SWE-ch Masters"]
[Site "Uppsala"]
[Date "2022.07.05"]
[Round "4"]
[White "Landgren, Andreas"]
[Black "Joensson, Jacob"]
[Result "1/2-1/2"]
[WhiteElo "2224"]
[BlackElo "1947"]
[PlyCount "66"]
[EventDate "2022.07.02"]
[EventType "swiss"]
[EventRounds "9"]
[EventCountry "SWE"]
[SourceTitle "EXT 2024"]
[Source "ChessBase"]
[SourceDate "2023.10.10"]
[SourceVersion "1"]
[SourceVersionDate "2023.10.10"]
[SourceQuality "1"]

1. e4 e5 2. Nf3 Nc6 3. Bb5 a6 4. Ba4 Nf6 5. 0-0 Be7 6. Re1 b5 7. Bb3 d6 8. a4 Rb8 9. axb5 axb5 10. h3 0-0 11. Nc3 Re8 12. d3 h6 13. Be3 Bf8 14. Ne2 d5 15. exd5 Nxd5 16. Bd2 Bb7 17. Nc3 Nxc3 18. bxc3 Qd6 19. Nh2 Rbd8 20. Qf3 Qg6 21. Qg4 Qf6 22. Qg3 Kh7 23. Re3 Bd6 24. Rf3 e4 25. Rxf6 Bxg3 26. Rxf7 Ne5 27. fxg3 Nxf7 28. Bxf7 Re7 29. Bh5 exd3 30. Rc1 Re2 31. Nf3 Bxf3 32. Bxf3 Rxd2 33. cxd3 R8xd3 1/2-1/2

[Event "EU-ch Online U18"]
[Site "Tornelo INT"]
[Date "2020.09.20"]
[Round "9"]
[White "Joensson, Jacob"]
[Black "Michaelides, Konstantinos"]
[Result "0-1"]
[WhiteElo "1974"]
[BlackElo "2260"]
[PlyCount "70"]
[EventDate "2020.09.18"]
[EventType "swiss (rapid)"]
[EventRounds "9"]
[EventCountry "ENG"]
[SourceTitle "CBM 198 Extra"]
[Source "ChessBase"]
[SourceDate "2020.11.30"]
[SourceVersion "1"]
[SourceVersionDate "2020.11.30"]
[SourceQuality "1"]

1. d4 Nf6 2. c4 e6 3. Nf3 Bb4+ 4. Bd2 a5 5. g3 d6 6. Bg2 Nbd7 7. 0-0 e5 8. dxe5 dxe5 9. Bc3 Qe7 10. a3 Bc5 11. Nbd2 a4 12. Ng5 0-0 13. Nge4 Bd4 14. e3 Bxc3 15. Nxc3 Nc5 16. Qc2 c6 17. b4 axb3 18. Nxb3 Nfd7 19. Nd2 f5 20. Rfb1 Nf6 21. e4 f4 22. Ne2 Ng4 23. f3 Ne3 24. Qc3 g5 25. Nf1 Nxg2 26. Kxg2 Nxe4 27. fxe4 f3+ 28. Kg1 fxe2 29. Ne3 Qc5 30. Kg2 Qd4 31. Qxd4 exd4 32. Nf5 Bxf5 33. exf5 Rxf5 34. Rb2 d3 35. Rd2 Raf8 0-1

[Event "EU-ch U18"]
[Site "Bratislava"]
[Date "2019.08.09"]
[Round "8"]
[White "Halfhide, Sebastian"]
[Black "Joensson, Jacob"]
[Result "1-0"]
[WhiteElo "2263"]
[BlackElo "2030"]
[PlyCount "49"]
[EventDate "2019.08.02"]
[EventType "swiss"]
[EventRounds "9"]
[EventCountry "SVK"]
[SourceTitle "CBM 191 Extra"]
[Source "ChessBase"]
[SourceDate "2019.09.30"]
[SourceVersion "1"]
[SourceVersionDate "2019.09.30"]
[SourceQuality "1"]

1. e4 e6 2. d4 d5 3. Nd2 Nf6 4. e5 Nfd7 5. Bd3 c5 6. c3 Nc6 7. Ngf3 Qb6 8. 0-0 cxd4 9. cxd4 Nxd4 10. Nxd4 Qxd4 11. Nf3 Qb6 12. Qa4 Qb4 13. Qc2 Nb6 14. a3 Qc5 15. Qe2 Bd7 16. Bg5 Qc7 17. Rac1 Bc6 18. Nd4 Be7 19. Nb5 Qd7 20. Bxe7 Kxe7 21. Qg4 Kf8 22. Nxa7 Nc8 23. Nxc8 Rxc8 24. b4 Ra8 25. b5 1-0

[Event "EU-ch U18"]
[Site "Bratislava"]
[Date "2019.08.05"]
[Round "4"]
[White "Joensson, Jacob"]
[Black "Zabolotnov, Evgeny"]
[Result "0-1"]
[WhiteElo "2030"]
[BlackElo "2284"]
[PlyCount "104"]
[EventDate "2019.08.02"]
[EventType "swiss"]
[EventRounds "9"]
[EventCountry "SVK"]
[SourceTitle "CBM 191 Extra"]
[Source "ChessBase"]
[SourceDate "2019.09.30"]
[SourceVersion "1"]
[SourceVersionDate "2019.09.30"]
[SourceQuality "1"]

1. d4 d5 2. c4 e6 3. Nc3 Bb4 4. Nf3 dxc4 5. e4 b5 6. a4 c6 7. Be2 Bb7 8. 0-0 a6 9. Ne5 Nd7 10. f4 Ngf6 11. Bf3 Nxe5 12. fxe5 Nd7 13. Bh5 g6 14. Qf3 Qe7 15. Bg4 c5 16. Bg5 Qxg5 17. Qxf7+ Kd8 18. Qxe6 Qe7 19. Rf7 Qxe6 20. Bxe6 Nf8 21. Rxb7 Nxe6 22. d5 Kc8 23. Re7 Nd4 24. axb5 Bxc3 25. Rxa6 Rxa6 26. bxa6 Rf8 27. h4 Ne2+ 28. Kh2 Bxe5+ 29. Rxe5 Kd7 30. h5 c3 31. bxc3 Nxc3 32. hxg6 hxg6 33. Re6 Rc8 34. e5 Nxd5 35. Rd6+ Ke7 36. Rxd5 Ke6 37. Rd6+ Kxe5 38. Rxg6 c4 39. a7 Kd4 40. Ra6 Ra8 41. Kg3 c3 42. Kf4 c2 43. Rc6 Kd3 44. g4 Rxa7 45. Kf5 Ra5+ 46. Kf6 Ra6 47. Rxa6 c1Q 48. Re6 Qf4+ 49. Ke7 Qxg4 50. Rd6+ Ke4 51. Re6+ Kd5 52. Ra6 Qe2+ 0-1

[Event "SWE-ch U20"]
[Site "Eskilstuna"]
[Date "2019.07.10"]
[Round "5"]
[White "Joensson, Jacob"]
[Black "Torngren, Gustav"]
[Result "1-0"]
[WhiteElo "1981"]
[BlackElo "2109"]
[PlyCount "77"]
[EventDate "2019.07.06"]
[EventType "tourn"]
[EventRounds "9"]
[EventCountry "SWE"]
[SourceTitle "CBM 191 Extra"]
[Source "ChessBase"]
[SourceDate "2019.09.30"]
[SourceVersion "1"]
[SourceVersionDate "2019.09.30"]
[SourceQuality "1"]

1. d4 Nf6 2. c4 e5 3. dxe5 Ng4 4. Bf4 Nc6 5. Nf3 Bb4+ 6. Nbd2 Qe7 7. e3 Ngxe5 8. Nxe5 Nxe5 9. Be2 d6 10. 0-0 a5 11. Nf3 h5 12. a3 Bc5 13. b4 Bb6 14. Bxe5 dxe5 15. c5 Ba7 16. Qd5 Bg4 17. Bb5+ Kf8 18. Qxb7 Bxf3 19. Qxf3 e4 20. Qf4 Rh6 21. f3 c6 22. Bc4 exf3 23. Qxf3 Rf6 24. Qxh5 Qxe3+ 25. Kh1 Qh6 26. Qxh6 Rxf1+ 27. Rxf1 gxh6 28. Rxf7+ Ke8 29. Rh7 Bb8 30. b5 Be5 31. g3 Bd4 32. bxc6 Bxc5 33. c7 Bxa3 34. Be6 Be7 35. c8Q+ Rxc8 36. Bxc8 a4 37. Be6 a3 38. Rxh6 Kd8 39. Rh7 1-0

[Event "SWE-ch U20"]
[Site "Eskilstuna"]
[Date "2019.07.08"]
[Round "3"]
[White "Sundin, Emanuel"]
[Black "Joensson, Jacob"]
[Result "1-0"]
[WhiteElo "2134"]
[BlackElo "1981"]
[PlyCount "53"]
[EventDate "2019.07.06"]
[EventType "tourn"]
[EventRounds "9"]
[EventCountry "SWE"]
[SourceTitle "CBM 191 Extra"]
[Source "ChessBase"]
[SourceDate "2019.09.30"]
[SourceVersion "1"]
[SourceVersionDate "2019.09.30"]
[SourceQuality "1"]

1. e4 e6 2. d4 d5 3. Nc3 Bb4 4. e5 c5 5. a3 Bxc3+ 6. bxc3 Qa5 7. Bd2 Qa4 8. Qg4 g6 9. Nf3 Nc6 10. Be2 b6 11. c4 Nge7 12. 0-0 Ba6 13. dxc5 bxc5 14. Bg5 Qxc2 15. Rfe1 Qf5 16. Qh4 h5 17. Bf6 Rg8 18. Ng5 Nd4 19. Nxf7 Kxf7 20. Bxe7 Nc2 21. Bxc5 Kg7 22. Red1 Nxa1 23. Bd3 Qf7 24. Rxa1 Rac8 25. Be7 Bxc4 26. Bf6+ Kh7 27. Qxh5# 1-0

[Event "Copenhagen Challenge"]
[Site "Ballerup"]
[Date "2019.05.18"]
[Round "7"]
[White "Haubro, Sigfred"]
[Black "Joensson, Jacob"]
[Result "0-1"]
[WhiteElo "2109"]
[BlackElo "1970"]
[PlyCount "142"]
[EventDate "2019.05.15"]
[EventType "swiss"]
[EventRounds "9"]
[EventCountry "DEN"]
[SourceTitle "CBM 190 Extra"]
[Source "ChessBase"]
[SourceDate "2019.07.15"]
[SourceVersion "1"]
[SourceVersionDate "2019.07.15"]
[SourceQuality "1"]

1. Nf3 Nf6 2. b3 g6 3. Bb2 Bg7 4. e3 0-0 5. Be2 d5 6. d4 c5 7. 0-0 cxd4 8. exd4 Nc6 9. Nbd2 b6 10. Ne5 Bb7 11. f4 Rc8 12. a3 a6 13. Bd3 b5 14. Qe1 Qb6 15. Ndf3 Rc7 16. Kh1 Ne4 17. Qh4 Bf6 18. Ng5 h5 19. Rae1 Nxe5 20. dxe5 Bg7 21. f5 Bc8 22. Nxe4 dxe4 23. Qxe4 Bxf5 24. Rxf5 gxf5 25. Qxf5 Qg6 26. Qf2 Qh6 27. Bc1 Qh8 28. Bf4 e6 29. Qb6 Rfc8 30. h4 Rc6 31. Qd4 Bf8 32. Re3 Bc5 33. Rg3+ Kf8 34. Qe4 Be7 35. Rf3 Bxa3 36. b4 Bb2 37. Qe3 Bc3 38. Bh6+ Ke8 39. Qg5 Bxe5 40. Qe3 R8c7 41. Bg5 Bd6 42. Bf6 Qg8 43. Qe4 Qg4 44. Qh7 Qxb4 45. Qh8+ Bf8 46. Qxh5 Rxc2 47. Bxc2 Rxc2 48. Be5 Qe7 49. Bf6 Qc7 50. Be5 Qb7 51. Qg5 Rc5 52. Rd3 Qe7 53. Qf4 Rc4 54. Rd4 Rxd4 55. Qxd4 Qc5 56. Qf4 Bh6 57. Qf6 Qc1+ 58. Kh2 Be3 59. Qh8+ Kd7 60. Qa8 Bg1+ 61. Kh3 Qe3+ 62. Bg3 Bf2 63. Qb7+ Ke8 64. Qb8+ Ke7 65. Qd6+ Kf6 66. Qf4+ Qxf4 67. Bxf4 b4 68. Bd2 a5 69. g4 Bd4 70. h5 Bc3 71. g5+ Kg7 0-1

[Event "Copenhagen Challenge"]
[Site "Ballerup"]
[Date "2019.05.18"]
[Round "6"]
[White "Joensson, Jacob"]
[Black "Nesse, David"]
[Result "1/2-1/2"]
[WhiteElo "1970"]
[BlackElo "1764"]
[PlyCount "99"]
[EventDate "2019.05.15"]
[EventType "swiss"]
[EventRounds "9"]
[EventCountry "DEN"]
[SourceTitle "CBM 190 Extra"]
[Source "ChessBase"]
[SourceDate "2019.07.15"]
[SourceVersion "1"]
[SourceVersionDate "2019.07.15"]
[SourceQuality "1"]

1. d4 Nf6 2. c4 c5 3. d5 b5 4. Qc2 bxc4 5. e4 e6 6. dxe6 fxe6 7. Bxc4 d5 8. exd5 exd5 9. Bb5+ Nbd7 10. Be2 Bd6 11. Nf3 0-0 12. 0-0 Ng4 13. h3 Nde5 14. hxg4 Nxf3+ 15. Bxf3 Rxf3 16. Qd1 Rf7 17. g5 Bb7 18. Nc3 a6 19. Ne2 Be7 20. Nf4 d4 21. g6 hxg6 22. Nxg6 Bg5 23. Qh5 Rf5 24. f4 Qd5 25. Qh8+ Kf7 26. Ne5+ Ke6 27. Qh3 Rh8 28. Qg3 Bf6 29. Re1 Kd6 30. Nf3 d3 31. Bd2 Kc6 32. Ne5+ Bxe5 33. Rxe5 Rxe5 34. fxe5 Kb6 35. Be3 Re8 36. b4 Qxe5 37. Bxc5+ Kc6 38. Qf3+ Qd5 39. Rd1 Qxf3 40. gxf3 Rd8 41. Kf2 Kb5 42. Ke3 Kc4 43. Rc1+ Kb5 44. Rd1 Re8+ 45. Kxd3 Bxf3 46. Rg1 Rg8 47. Rg6 a5 48. Rb6+ Ka4 49. Ra6 Ra8 50. Rxa5+ 1/2-1/2

[Event "Copenhagen Challenge"]
[Site "Ballerup"]
[Date "2019.05.17"]
[Round "4"]
[White "Saravana Kumar, Vedant"]
[Black "Joensson, Jacob"]
[Result "1/2-1/2"]
[WhiteElo "1845"]
[BlackElo "1970"]
[PlyCount "119"]
[EventDate "2019.05.15"]
[EventType "swiss"]
[EventRounds "9"]
[EventCountry "DEN"]
[SourceTitle "CBM 190 Extra"]
[Source "ChessBase"]
[SourceDate "2019.07.15"]
[SourceVersion "1"]
[SourceVersionDate "2019.07.15"]
[SourceQuality "1"]

1. e4 e6 2. d4 d5 3. e5 c5 4. c3 Nc6 5. Nf3 Qb6 6. Be2 Nh6 7. Bd3 cxd4 8. cxd4 Bd7 9. Bc2 Nf5 10. Bxf5 exf5 11. Nc3 Be6 12. 0-0 Be7 13. Rb1 0-0 14. Be3 Rac8 15. Qd2 Na5 16. Qe2 Nc4 17. Rfc1 Qa5 18. Nd2 b5 19. Nxc4 Rxc4 20. Qd2 Rfc8 21. Ne2 Qxa2 22. Ra1 Rxc1+ 23. Rxc1 Rc4 24. Rxc4 Qxc4 25. h3 b4 26. Nc1 a5 27. b3 Qc7 28. Qa2 f6 29. Nd3 fxe5 30. Nxe5 Bf6 31. Nd3 Bf7 32. g3 h5 33. h4 Qc3 34. Nf4 Bxd4 35. Bxd4 Qxd4 36. Qxa5 Qd1+ 37. Kg2 Qxb3 38. Qd8+ Kh7 39. Qg5 Qc2 40. Nxh5 Qe4+ 41. Kg1 Qg4 42. Qxg4 fxg4 43. Nf4 Bg6 44. Nxd5 b3 45. Nc3 b2 46. f3 gxf3 47. Kf2 b1Q 48. Nxb1 Bxb1 49. Kxf3 Kh6 50. g4 Bc2 51. Kf4 Kg6 52. h5+ Kh6 53. Ke5 Kg5 54. Ke6 Bg6 55. hxg6 Kxg6 56. Ke7 Kg5 57. Kf7 Kh6 58. g5+ Kh7 59. Kf8 Kh8 60. Kf7 1/2-1/2

[Event "Copenhagen Challenge"]
[Site "Ballerup"]
[Date "2019.05.15"]
[Round "1"]
[White "Joensson, Jacob"]
[Black "Hacker, Jonas"]
[Result "0-1"]
[WhiteElo "1970"]
[BlackElo "2386"]
[PlyCount "69"]
[EventDate "2019.05.15"]
[EventType "swiss"]
[EventRounds "9"]
[EventCountry "DEN"]
[SourceTitle "CBM 190 Extra"]
[Source "ChessBase"]
[SourceDate "2019.07.15"]
[SourceVersion "1"]
[SourceVersionDate "2019.07.15"]
[SourceQuality "1"]

1. d4 d5 2. c4 e6 3. Nc3 Bb4 4. Nf3 Nf6 5. Bg5 dxc4 6. e3 b5 7. a4 c6 8. Be2 Bb7 9. 0-0 a6 10. Ne5 Be7 11. axb5 cxb5 12. Bxf6 Bxf6 13. Bf3 Bxe5 14. dxe5 Bxf3 15. Qxf3 Nd7 16. Nxb5 0-0 17. Na3 Nxe5 18. Qe4 Qd5 19. Qxd5 exd5 20. Rfd1 Rfd8 21. Rd2 Rab8 22. Nb1 Nd3 23. Nc3 Rxb2 24. Rxb2 Nxb2 25. Rxa6 g6 26. g3 Nd3 27. Ra5 Rb8 28. Rxd5 Rb2 29. Rd8+ Kg7 30. Ne4 f5 31. Rd7+ Kh6 32. Nf6 Kg5 33. Rf7 f4 34. e4 Rb1+ 35. Kg2 0-1

[Event "Rilton Cup 48th"]
[Site "Stockholm"]
[Date "2018.12.30"]
[Round "4"]
[White "Joensson, Jacob"]
[Black "Storme, Isak"]
[Result "0-1"]
[WhiteElo "2083"]
[BlackElo "2271"]
[PlyCount "62"]
[EventDate "2018.12.27"]
[EventType "swiss"]
[EventRounds "9"]
[EventCountry "SWE"]
[SourceTitle "CBM 188 Extra"]
[Source "ChessBase"]
[SourceDate "2019.02.28"]
[SourceVersion "1"]
[SourceVersionDate "2019.02.28"]
[SourceQuality "1"]

1. d4 Nf6 2. c4 c5 3. d5 e6 4. Nc3 exd5 5. cxd5 d6 6. Nf3 g6 7. Nd2 Nbd7 8. e4 Bg7 9. Be2 0-0 10. 0-0 Re8 11. a4 Ne5 12. Ra3 g5 13. Re1 g4 14. Nf1 Ng6 15. Ng3 h5 16. Bg5 Re5 17. Qc1 Qf8 18. h4 gxh3 19. f4 Rxg5 20. fxg5 Ng4 21. Bxg4 Bxg4 22. Nce2 hxg2 23. Nf5 Re8 24. Neg3 h4 25. Nxg7 Qxg7 26. Nf5 Bxf5 27. exf5 Qd4+ 28. Rae3 Nf4 29. Kh2 Re5 30. Rxe5 g1Q+ 31. Rxg1 Qf2+ 0-1

[Event "Rilton Cup 48th"]
[Site "Stockholm"]
[Date "2018.12.28"]
[Round "2"]
[White "Joensson, Jacob"]
[Black "Glimbrant, Torbjorn"]
[Result "1-0"]
[WhiteElo "2083"]
[BlackElo "2268"]
[PlyCount "109"]
[EventDate "2018.12.27"]
[EventType "swiss"]
[EventRounds "9"]
[EventCountry "SWE"]
[SourceTitle "CBM 188 Extra"]
[Source "ChessBase"]
[SourceDate "2019.02.28"]
[SourceVersion "1"]
[SourceVersionDate "2019.02.28"]
[SourceQuality "1"]

1. d4 e6 2. c4 Nf6 3. Nf3 Bb4+ 4. Bd2 a5 5. e3 b6 6. Bd3 Bb7 7. a3 Bxd2+ 8. Nfxd2 d6 9. e4 Nc6 10. Nf3 e5 11. d5 Ne7 12. Nc3 Bc8 13. Nd2 Ng6 14. g3 0-0 15. 0-0 h6 16. b4 h5 17. c5 axb4 18. axb4 Rxa1 19. Qxa1 bxc5 20. bxc5 h4 21. Qa5 Qd7 22. Re1 hxg3 23. hxg3 Qh3 24. Bf1 Qh6 25. Nf3 Ng4 26. Qxc7 f5 27. cxd6 fxe4 28. Nxe4 Qh5 29. Ned2 e4 30. Rxe4 Bf5 31. Rb4 N6e5 32. Rb8 Rxb8 33. Qxb8+ Kh7 34. Qd8 Be4 35. Qh4 Qxh4 36. Nxh4 Bxd5 37. Nf5 Be6 38. Ne3 Nxe3 39. fxe3 Kg6 40. Bc4 Nxc4 41. Nxc4 Kf6 42. Nb6 Bg4 43. Kf2 Ke6 44. d7 Ke7 45. e4 Bxd7 46. Nxd7 Kxd7 47. Ke3 Ke6 48. Kd4 Kf6 49. e5+ Ke6 50. Ke4 Ke7 51. Kd5 Kd7 52. e6+ Ke7 53. Ke5 Kd8 54. Kf5 Kc7 55. Kg6 1-0

[Event "Deltalift op"]
[Site "Tylosand"]
[Date "2018.05.10"]
[Round "1"]
[White "Malmstig, Erik"]
[Black "Joensson, Jacob"]
[Result "1-0"]
[WhiteElo "2339"]
[BlackElo "1891"]
[PlyCount "101"]
[EventDate "2018.05.10"]
[EventType "swiss"]
[EventRounds "8"]
[EventCountry "SWE"]
[SourceTitle "CBM 184 Extra"]
[Source "ChessBase"]
[SourceDate "2018.06.28"]
[SourceVersion "1"]
[SourceVersionDate "2018.06.28"]
[SourceQuality "1"]

1. Nf3 d5 2. c4 e6 3. b3 Nf6 4. Bb2 b6 5. e3 Bb7 6. Be2 Be7 7. 0-0 0-0 8. Nc3 Nbd7 9. Rc1 c5 10. Nb5 a6 11. Na3 Ne4 12. d3 Nd6 13. Qc2 Bf6 14. d4 dxc4 15. bxc4 Rc8 16. Qb3 Qe7 17. Rfd1 cxd4 18. exd4 Bxf3 19. Bxf3 e5 20. Re1 Rfe8 21. Bg4 Bg5 22. Rcd1 e4 23. Qg3 f5 24. Bh5 Red8 25. Qb3 Kh8 26. Be2 Nf6 27. Bf1 Qc7 28. h3 f4 29. Ba1 Nf5 30. d5 e3 31. f3 Qc5 32. Be2 Ng3 33. Bd4 Qd6 34. Bxb6 Nxe2+ 35. Rxe2 Nd7 36. Bxd8 Bxd8 37. Nc2 Nc5 38. Qa3 Bf6 39. Nb4 Qb6 40. Nc6 h5 41. Kh1 Rc7 42. Nd4 Nd7 43. Rb2 Bxd4 44. Rxb6 Bxb6 45. Qe7 Nc5 46. Qe8+ Kh7 47. d6 Rd7 48. Rd5 g6 49. Rxc5 Rd8 50. Qe7+ Kh6 51. Rd5 1-0

[Event "Helsingor Xtracon op"]
[Site "Helsingor"]
[Date "2016.07.28"]
[Round "7"]
[White "French, Max"]
[Black "Joensson, Jacob"]
[Result "1-0"]
[WhiteElo "1908"]
[BlackElo "1680"]
[PlyCount "107"]
[EventDate "2016.07.23"]
[EventType "swiss"]
[EventRounds "10"]
[EventCountry "DEN"]
[SourceTitle "CBM 173 Extra"]
[Source "ChessBase"]
[SourceDate "2016.08.29"]
[SourceVersion "1"]
[SourceVersionDate "2016.08.29"]
[SourceQuality "1"]

1. d4 Nf6 2. c4 e6 3. Nf3 d5 4. Nc3 Be7 5. cxd5 exd5 6. Bg5 c6 7. e3 0-0 8. Bd3 Nbd7 9. 0-0 Re8 10. Qc2 Ne4 11. Bf4 f5 12. Nxd5 Bd6 13. Bxd6 Nxd6 14. Nc3 Nf6 15. b4 Be6 16. Ng5 g6 17. Nxe6 Rxe6 18. Qb3 Qe7 19. Na4 Nd5 20. Nc5 Rf6 21. Rfe1 Kg7 22. b5 Ne4 23. Bxe4 fxe4 24. bxc6 bxc6 25. Qc2 Re8 26. Rab1 Nb6 27. a4 Rf5 28. a5 Rxc5 29. Qxc5 Nd5 30. Qxc6 Nb4 31. Qc4 Nd3 32. Red1 Rf8 33. Rxd3 exd3 34. Qxd3 Qc7 35. a6 Rb8 36. h3 Kf6 37. d5 h5 38. Rxb8 Qxb8 39. d6 Qb6 40. d7 Ke7 41. d8Q+ Qxd8 42. Qxd8+ Kxd8 43. e4 Kc7 44. e5 Kb6 45. f4 Kc5 46. Kf2 h4 47. g4 Kd5 48. g5 Ke6 49. Ke3 Kd5 50. Kd3 Ke6 51. Ke4 Kf7 52. f5 gxf5+ 53. Kxf5 Kg7 54. e6 1-0

[Event "Helsingor Xtracon op"]
[Site "Helsingor"]
[Date "2016.07.26"]
[Round "5"]
[White "Rasmussen, Lars Garne"]
[Black "Joensson, Jacob"]
[Result "1-0"]
[WhiteElo "1956"]
[BlackElo "1680"]
[PlyCount "79"]
[EventDate "2016.07.23"]
[EventType "swiss"]
[EventRounds "10"]
[EventCountry "DEN"]
[SourceTitle "CBM 173 Extra"]
[Source "ChessBase"]
[SourceDate "2016.08.29"]
[SourceVersion "1"]
[SourceVersionDate "2016.08.29"]
[SourceQuality "1"]

1. e4 c5 2. Nf3 Nc6 3. d4 cxd4 4. Nxd4 Nf6 5. Nc3 g6 6. Nxc6 bxc6 7. e5 Ng8 8. Bc4 Bg7 9. Qf3 e6 10. Bf4 Qa5 11. Qe2 f6 12. exf6 Nxf6 13. Bd2 Qc7 14. 0-0 0-0 15. g3 d5 16. Bf4 Qe7 17. Bb3 Nd7 18. Nxd5 cxd5 19. Bxd5 Nc5 20. Bxa8 Ba6 21. c4 Rxa8 22. Rfe1 Bxb2 23. Qxb2 Nd3 24. Qd4 Nxe1 25. Rxe1 Rc8 26. Bd6 Qf7 27. c5 Bb7 28. Qe3 Bd5 29. a4 Qf5 30. Rc1 Bc6 31. a5 Qd5 32. f3 Qxf3 33. Qxe6+ Kg7 34. Be5+ Kh6 35. Qh3+ Kg5 36. Qh4+ Kf5 37. Qf6+ Ke4 38. Rc4+ Kd3 39. Rc3+ Ke2 40. Rxf3 1-0

[Event "Helsingor Xtracon op"]
[Site "Helsingor"]
[Date "2016.07.23"]
[Round "1"]
[White "Joensson, Jacob"]
[Black "Klings, Peter"]
[Result "0-1"]
[WhiteElo "1680"]
[BlackElo "2133"]
[PlyCount "106"]
[EventDate "2016.07.23"]
[EventType "swiss"]
[EventRounds "10"]
[EventCountry "DEN"]
[SourceTitle "CBM 173 Extra"]
[Source "ChessBase"]
[SourceDate "2016.08.29"]
[SourceVersion "1"]
[SourceVersionDate "2016.08.29"]
[SourceQuality "1"]

1. d4 Nf6 2. c4 c5 3. d5 b5 4. Qc2 Qa5+ 5. Bd2 b4 6. e4 d6 7. f4 g6 8. Nf3 Bg7 9. Be2 0-0 10. 0-0 Nbd7 11. h3 Nxe4 12. Qxe4 Bxb2 13. Qxe7 Bxa1 14. Qxd6 Qb6 15. Qxb6 axb6 16. Na3 Bg7 17. Nb5 Nf6 18. Bd3 Rd8 19. Ne5 Rxa2 20. Bc1 Bd7 21. Bb1 Raa8 22. Nd6 Be8 23. Nxe8 Nxe8 24. Nc6 Rd7 25. Re1 Nd6 26. Bd3 Bc3 27. Rd1 f6 28. Bd2 Ra3 29. Kf2 Ra2 30. Ke1 Rxd2 31. Rxd2 b5 32. cxb5 c4 33. Kd1 Bxd2 34. Kxd2 cxd3 35. Kxd3 Nxb5 36. Nxb4 Nd6 37. Kd4 Rc7 38. Nc6 Nb7 39. Kc4 Nd8 40. Kc5 Rd7 41. g3 Kf8 42. d6 Nxc6 43. Kxc6 Ke8 44. g4 Kd8 45. Kd5 Ra7 46. Ke6 Ra3 47. Kxf6 Rxh3 48. Kg7 Kd7 49. f5 gxf5 50. gxf5 h5 51. f6 Rf3 52. f7 Rxf7+ 53. Kxf7 h4 0-1